[Event "18th Rubinstein Memorial"]
[Site "Polanica Zdroj POL"]
[Date "1980.08.13"]
[Round "7"]
[White "Przewoznik, Jan"]
[Black "Barczay, Laszlo"]
[WhiteElo "2340"]
[BlackElo "2450"]
[Result "0-1"]
[EventDate "1980.08.06"]
[PlyCount "98"]
1. e4 c5 2. Nf3 d6 3. d4 cxd4 4. Qxd4 Nc6 5. Bb5 Qd7 6. Bxc6 bxc6 7. c4 e5 8. Qd3 Nf6 9. O-O Be7 10. Bg5 Qe6 11. Nc3 Ba6 12. b3 O-O 13. Nh4 g6 14. Bh6 Rfd8 15. Nf5 Bf8 16. Bxf8 Kxf8 17. Ne3 Bb7 18. f4 exf4 19. Rxf4 Nd7 20. Raf1 Ne5 21. Qd2 Kg8 22. Rf6 Qe7 23. Qf2 Bc8 24. Ne2 Re8 25. Qg3 Nd7 26. Rxf7 Qxe4 27. Nf5 Qxe2 28. Qh4 Qh5 29. Ne7+ Kh8 30. Qd4+ Ne5 31. Qxd6 Ng4 32. h3 Qe5 33. Nxc8 Raxc8 34. Rf8+ Kg7 35. R1f7+ Kh6 36. Qd2+ Qe3+ 37. Qxe3+ Nxe3 38. Rxe8 Rxe8 39. Rxa7 Rf8 40. a4 Rf1+ 41. Kh2 Rb1 42. Rc7 Rxb3 43. Rxc6 Ra3 44. g4 Rxa4 45. c5 Ra3 46. Rc7 Rc3 47. Re7 Nd5 48. g5+ Kh5 49. Rxh7+ Kxg5 0-1

[Event "18th Rubinstein Memorial"]
[Site "Polanica Zdroj POL"]
[Date "1980.08.13"]
[Round "7"]
[White "Schmidt, Wlodzimierz"]
[Black "Bielczyk, Jacek"]
[WhiteElo "2430"]
[BlackElo "2380"]
[Result "1/2-1/2"]
[EventDate "1980.08.06"]
[PlyCount "31"]
1. d4 Nf6 2. c4 d6 3. Nc3 Nbd7 4. Nf3 g6 5. g3 Bg7 6. Bg2 O-O 7. O-O e5 8. e4 c6 9. h3 Qb6 10. Re1 exd4 11. Nxd4 Ne8 12. Nb3 a5 13. Na4 Qb4 14. Nd2 Nc5 15. Nxc5 Qxc5 16. Qe2 1/2-1/2

[Event "18th Rubinstein Memorial"]
[Site "Polanica Zdroj POL"]
[Date "1980.08.13"]
[Round "7"]
[White "Spasov, Luben"]
[Black "Klovans, Janis"]
[WhiteElo "2450"]
[BlackElo "2490"]
[Result "1/2-1/2"]
[EventDate "1980.08.06"]
[PlyCount "28"]
1. Nf3 d5 2. d4 Nf6 3. c4 e6 4. Nc3 Be7 5. Bg5 O-O 6. Rc1 h6 7. Bh4 b6 8. cxd5 Nxd5 9. Bxe7 Qxe7 10. Nxd5 exd5 11. g3 Bb7 12. Bg2 c5 13. b3 Nc6 14. dxc5 bxc5 1/2-1/2

[Event "18th Rubinstein Memorial"]
[Site "Polanica Zdroj POL"]
[Date "1980.08.13"]
[Round "7"]
[White "Tomaszewski, Roman"]
[Black "Boehm, Hans"]
[WhiteElo "2365"]
[BlackElo "2430"]
[Result "1-0"]
[EventDate "1980.08.06"]
[PlyCount "79"]
1. c4 Nf6 2. d4 e6 3. Nf3 d5 4. cxd5 exd5 5. Bg5 Be7 6. Nc3 O-O 7. Qc2 c6 8. e3 Nbd7 9. Bd3 Re8 10. O-O Nf8 11. Rab1 Ng6 12. Bxf6 Bxf6 13. b4 b6 14. Na4 Bd7 15. Rfc1 Rc8 16. Qb3 Nh4 17. Nxh4 Bxh4 18. g3 b5 19. Nc5 Be7 20. Nxd7 Qxd7 21. Rc3 g6 22. Rbc1 a6 23. Qc2 Bxb4 24. Rxc6 Rxc6 25. Qxc6 Qxc6 26. Rxc6 Re6 27. Rc8+ Kg7 28. Bf1 Rd6 29. Bg2 h6 30. Re8 Kf6 31. g4 Kg5 32. Bf3 Kf6 33. h4 Rd7 34. Re5 Rd8 35. h5 a5 36. hxg6 Kxg6 37. Bxd5 f6 38. Rf5 Rc8 39. Be4 Kf7 40. Rxb5 1-0

[Event "18th Rubinstein Memorial"]
[Site "Polanica Zdroj POL"]
[Date "1980.08.13"]
[Round "7"]
[White "Vogt, Lothar"]
[Black "Vilela de Acuna, Jose Luis"]
[WhiteElo "2510"]
[BlackElo "2328"]
[Result "1/2-1/2"]
[EventDate "1980.08.06"]
[PlyCount "46"]
1. e4 e6 2. d4 d5 3. Nd2 c5 4. Ngf3 Nc6 5. exd5 exd5 6. Be2 Nf6 7. O-O Bd6 8. dxc5 Bxc5 9. Nb3 Bb6 10. Bg5 O-O 11. c3 Re8 12. Qd3 Qd6 13. Rad1 Bg4 14. Bxf6 Qxf6 15. Nfd4 Bxe2 16. Nxe2 Rad8 17. Nbd4 Nxd4 18. Nxd4 g6 19. g3 Re4 20. Rd2 Bxd4 21. cxd4 Rc8 22. Rfd1 Rc4 23. b3 Rc7 1/2-1/2

[Event "18th Rubinstein Memorial"]
[Site "Polanica Zdroj POL"]
[Date "1980.08.14"]
[Round "8"]
[White "Boehm, Hans"]
[Black "Plachetka, Jan"]
[WhiteElo "2430"]
[BlackElo "2480"]
[Result "1-0"]
[EventDate "1980.08.06"]
[PlyCount "81"]
1. d4 Nf6 2. c4 e6 3. Nf3 b6 4. g3 Ba6 5. b3 d5 6. Bg2 dxc4 7. Ne5 Bb4+ 8. Kf1 c6 9. bxc4 O-O 10. Bb2 Bb7 11. Nd2 Qc7 12. Nd3 Bxd2 13. Qxd2 c5 14. dxc5 Nbd7 15. Qf4 Bxg2+ 16. Kxg2 Qxf4 17. gxf4 Nxc5 18. Nxc5 bxc5 19. Kf3 Nd7 20. Rhd1 Nb6 21. Rac1 f6 22. Ba3 Rac8 23. Rd3 Rc7 24. Rb3 Kf7 25. Rb5 Rfc8 26. e3 e5 27. fxe5 fxe5 28. Ke4 Ke6 29. Ra5 g5 30. f3 Nd7 31. f4 Nf6+ 32. Kf3 exf4 33. exf4 g4+ 34. Kg2 Kf5 35. Rd1 h5 36. Bb2 Rb7 37. Rd2 h4 38. h3 gxh3+ 39. Kxh3 Rg8 40. Rxc5+ Kxf4 41. Bxf6 1-0

[Event "18th Rubinstein Memorial"]
[Site "Polanica Zdroj POL"]
[Date "1980.08.14"]
[Round "8"]
[White "Luczak, Andrzej"]
[Black "Tomaszewski, Roman"]
[WhiteElo "2430"]
[BlackElo "2365"]
[Result "1-0"]
[EventDate "1980.08.06"]
[PlyCount "75"]
1. e4 Nf6 2. e5 Nd5 3. d4 d6 4. Nf3 Bg4 5. Be2 c6 6. Ng5 Bf5 7. Bd3 Bxd3 8. Qxd3 dxe5 9. dxe5 h6 10. Nf3 e6 11. O-O Nd7 12. Nbd2 Nc5 13. Qe2 Nf4 14. Qe1 Qd5 15. Nb3 Ng6 16. Qe2 O-O-O 17. Re1 Na4 18. Nbd4 Nb6 19. b3 Bb4 20. Bd2 Bxd2 21. Qxd2 Nd7 22. c4 Qc5 23. Qc3 Nf4 24. Rac1 a5 25. Qe3 Ng6 26. Rcd1 Nb8 27. Qe4 Ne7 28. Nc2 Nf5 29. g3 Na6 30. Kg2 Nb4 31. Nxb4 axb4 32. h3 g5 33. Qe2 Kc7 34. Rxd8 Rxd8 35. Rd1 Nd4 36. Nxd4 Rxd4 37. Qe3 Rxd1 38. Qxc5 1-0

[Event "18th Rubinstein Memorial"]
[Site "Polanica Zdroj POL"]
[Date "1980.08.14"]
[Round "8"]
[White "Pokojowczyk, Jerzy"]
[Black "Vogt, Lothar"]
[WhiteElo "2380"]
[BlackElo "2510"]
[Result "1/2-1/2"]
[EventDate "1980.08.06"]
[PlyCount "65"]
1. e4 e5 2. Nf3 Nc6 3. Bb5 a6 4. Ba4 Nf6 5. O-O Be7 6. Re1 b5 7. Bb3 d6 8. c3 O-O 9. h3 Na5 10. Bc2 c5 11. d4 cxd4 12. cxd4 Bb7 13. d5 Qc7 14. Nbd2 Rfc8 15. Bd3 Nd7 16. Nf1 Nc5 17. Bc2 Nc4 18. Ne3 a5 19. b3 Nxe3 20. Bxe3 Qd7 21. Qd2 Bd8 22. a3 Bb6 23. Rec1 Qd8 24. Rab1 b4 25. Ra1 bxa3 26. Rxa3 Ra7 27. Rca1 Rca8 28. b4 axb4 29. Rxa7 Rxa7 30. Rxa7 Bxa7 31. Qxb4 Qc7 32. Qb5 Qc8 33. Qa5 1/2-1/2

[Event "18th Rubinstein Memorial"]
[Site "Polanica Zdroj POL"]
[Date "1980.08.14"]
[Round "8"]
[White "Vilela de Acuna, Jose Luis"]
[Black "Schmidt, Wlodzimierz"]
[WhiteElo "2328"]
[BlackElo "2430"]
[Result "1/2-1/2"]
[EventDate "1980.08.06"]
[PlyCount "30"]
1. c4 g6 2. Nc3 c5 3. g3 Bg7 4. Bg2 Nc6 5. a3 a6 6. Rb1 Rb8 7. b4 cxb4 8. axb4 b5 9. cxb5 axb5 10. e3 e6 11. d4 Nge7 12. Nge2 d5 13. Nf4 h5 14. h3 Nf5 15. O-O Nd6 1/2-1/2

[Event "18th Rubinstein Memorial"]
[Site "Polanica Zdroj POL"]
[Date "1980.08.16"]
[Round "9"]
[White "Plachetka, Jan"]
[Black "Luczak, Andrzej"]
[WhiteElo "2480"]
[BlackElo "2430"]
[Result "1-0"]
[EventDate "1980.08.06"]
[PlyCount "83"]
1. c4 e6 2. Nc3 Bb4 3. e4 Ne7 4. a3 Bxc3 5. dxc3 d6 6. Be3 Nd7 7. Bd3 e5 8. Ne2 b6 9. Ng3 Nc5 10. Bc2 Be6 11. Qe2 O-O 12. b4 Nd7 13. Nf5 a5 14. O-O Kh8 15. Rfd1 g6 16. Ng3 f6 17. c5 dxc5 18. bxc5 Qc8 19. cxb6 Nxb6 20. Bc5 Re8 21. Rab1 Nd7 22. Be3 Rd8 23. h3 Kg7 24. Nf1 Kf7 25. Nd2 Nb6 26. f4 exf4 27. Bxf4 Re8 28. Rf1 Kg7 29. Qf2 Ng8 30. Qg3 Re7 31. Nf3 Nc4 32. e5 f5 33. Ra1 Rb8 34. Nd4 Kh8 35. Nc6 Rb2 36. Nxe7 Nxe7 37. Bd3 Nb6 38. Bg5 Nbd5 39. c4 f4 40. Qh4 Ne3 41. Rf2 Rxf2 42. Qxf2 1-0

[Event "18th Rubinstein Memorial"]
[Site "Polanica Zdroj POL"]
[Date "1980.08.16"]
[Round "9"]
[White "Przewoznik, Jan"]
[Black "Vilela de Acuna, Jose Luis"]
[WhiteElo "2340"]
[BlackElo "2328"]
[Result "1/2-1/2"]
[EventDate "1980.08.06"]
[PlyCount "73"]
1. e4 c5 2. Nf3 d6 3. d4 cxd4 4. Qxd4 a6 5. Bg5 Nc6 6. Qd2 h6 7. Bh4 g5 8. Bg3 Nf6 9. Nc3 Nh5 10. Bc4 Bg7 11. O-O-O Bd7 12. Bb3 Rc8 13. Rhe1 Nxg3 14. hxg3 Qa5 15. e5 g4 16. Qf4 O-O 17. e6 Bxe6 18. Bxe6 fxe6 19. Qxg4 Qf5 20. Qxf5 exf5 21. Nd5 e5 22. c3 Rcd8 23. Rh1 Kf7 24. Ne3 Ke6 25. g4 Ne7 26. gxf5+ Nxf5 27. Nd5 Ne7 28. Nxe7 Kxe7 29. Rh4 Rd7 30. Rg4 Ke6 31. Re1 Rf6 32. Re2 Kf7 33. Kc2 Rg6 34. Rxg6 Kxg6 35. Kd3 Kf5 36. Nh4+ Kg5 37. Nf3+ 1/2-1/2

[Event "18th Rubinstein Memorial"]
[Site "Polanica Zdroj POL"]
[Date "1980.08.16"]
[Round "9"]
[White "Schmidt, Wlodzimierz"]
[Black "Pokojowczyk, Jerzy"]
[WhiteElo "2430"]
[BlackElo "2380"]
[Result "1-0"]
[EventDate "1980.08.06"]
[PlyCount "77"]
1. d4 Nf6 2. c4 e6 3. Nf3 b6 4. g3 Bb4+ 5. Bd2 Bxd2+ 6. Qxd2 Ba6 7. b3 c5 8. Bg2 Nc6 9. Nc3 d5 10. cxd5 exd5 11. Qe3+ Qe7 12. Qxe7+ Kxe7 13. O-O-O Rhd8 14. dxc5 Rac8 15. Nh4 bxc5 16. Nxd5+ Nxd5 17. Rxd5 Rxd5 18. Bxd5 Nb4 19. Bf3 Nxa2+ 20. Kb2 Nb4 21. Nf5+ Kf8 22. Rc1 Rc7 23. Nd6 Ke7 24. Ne4 Bb7 25. Rxc5 Rxc5 26. Nxc5 Bxf3 27. exf3 Kd6 28. Ne4+ Ke5 29. Kc3 Nc6 30. Kc4 h6 31. b4 g5 32. Nc5 Kd6 33. Nd3 Ne5+ 34. Nxe5 Kxe5 35. Kc5 h5 36. h3 h4 37. f4+ Ke4 38. fxg5 hxg3 39. fxg3 1-0

[Event "18th Rubinstein Memorial"]
[Site "Polanica Zdroj POL"]
[Date "1980.08.16"]
[Round "9"]
[White "Tomaszewski, Roman"]
[Black "Spasov, Luben"]
[WhiteElo "2365"]
[BlackElo "2450"]
[Result "1-0"]
[EventDate "1980.08.06"]
[PlyCount "101"]
1. c4 Nf6 2. Nc3 c5 3. g3 e6 4. Bg2 d5 5. cxd5 exd5 6. d4 cxd4 7. Nb1 Bb4+ 8. Nd2 O-O 9. Ngf3 Nc6 10. O-O Bxd2 11. Qxd2 Qb6 12. Rd1 Bg4 13. Nxd4 Nxd4 14. Qxd4 Bxe2 15. Qxb6 axb6 16. Rd4 h6 17. b3 Bg4 18. Rb4 Rfc8 19. Be3 Rc2 20. a4 Bd7 21. Bxb6 Bc6 22. Be3 Ne4 23. Rc1 Rxc1+ 24. Bxc1 Nc5 25. Be3 Nd3 26. Rd4 Nc5 27. Rb4 Nd3 28. Rb6 Re8 29. h3 Ne1 30. Bh1 Nc2 31. a5 d4 32. Bd2 Bxh1 33. Kxh1 Re2 34. Bb4 d3 35. Kg2 d2 36. Bxd2 Rxd2 37. Rxb7 Rd1 38. a6 Ra1 39. a7 Kh7 40. Rxf7 Nb4 41. Rc7 Nd5 42. Rb7 Ra2 43. Kf3 Nf6 44. Kf4 Ra5 45. h4 Kg6 46. Ke3 Ng4+ 47. Kd4 Ne5 48. Rb6+ Kf5 49. Rb5 Rxa7 50. Rxe5+ Kg4 51. Re2 1-0

[Event "18th Rubinstein Memorial"]
[Site "Polanica Zdroj POL"]
[Date "1980.08.16"]
[Round "9"]
[White "Vogt, Lothar"]
[Black "Boehm, Hans"]
[WhiteElo "2510"]
[BlackElo "2430"]
[Result "0-1"]
[EventDate "1980.08.06"]
[PlyCount "112"]
1. e4 Nf6 2. e5 Nd5 3. d4 d6 4. Nf3 Nc6 5. c4 Nb6 6. e6 fxe6 7. Nc3 e5 8. d5 Nd4 9. Nxd4 exd4 10. Qxd4 e5 11. dxe6 Bxe6 12. Be2 Qf6 13. Qxf6 gxf6 14. b3 d5 15. cxd5 Bb4 16. Bd2 Nxd5 17. Bh5+ Kd7 18. Rd1 Bd6 19. Bf3 Rae8 20. O-O Nxc3 21. Bxc3 Kc8 22. Rfe1 Rhf8 23. g3 Bd7 24. Bd5 b6 25. Kg2 a5 26. Rxe8+ Bxe8 27. Re1 Bd7 28. Re4 Bf5 29. Be6+ Bxe6 30. Rxe6 f5 31. f4 Kd7 32. Rh6 Rf7 33. Kf3 Kc6 34. Rh5 b5 35. a4 bxa4 36. bxa4 Bb4 37. Bb2 Kd5 38. g4 Kc4 39. gxf5 Kb3 40. Be5 c5 41. Ke4 c4 42. Rh3+ c3 43. f6 Kc4 44. Kf5 c2 45. Bb2 Rd7 46. Re3 Rd3 47. Rxd3 Kxd3 48. f7 Kc4 49. Kf6 Kb3 50. Bc1 Bf8 51. Ke6 Kxa4 52. f5 Kb3 53. Bf4 a4 54. Bd6 Bxd6 55. Kxd6 c1=Q 56. Ke7 Qc5+ 0-1

[Event "18th Rubinstein Memorial"]
[Site "Polanica Zdroj POL"]
[Date "1980.08.17"]
[Round "10"]
[White "Boehm, Hans"]
[Black "Schmidt, Wlodzimierz"]
[WhiteElo "2430"]
[BlackElo "2430"]
[Result "1/2-1/2"]
[EventDate "1980.08.06"]
[PlyCount "67"]
1. d4 Nf6 2. c4 g6 3. Nc3 d5 4. Bf4 Bg7 5. e3 c5 6. dxc5 Qa5 7. Qa4+ Qxa4 8. Nxa4 Ne4 9. f3 Bd7 10. fxe4 Bxa4 11. Bxb8 Rxb8 12. exd5 Bxb2 13. Rb1 Bc3+ 14. Kf2 O-O 15. Ne2 Ba5 16. Nf4 Rfc8 17. Nd3 Bc2 18. Rb5 Bc3 19. Be2 a6 20. Rb6 Ba5 21. Rb2 Bxd3 22. Bxd3 Rxc5 23. Rhb1 Rc7 24. Kf3 Kg7 25. g4 Kf6 26. Ke4 e6 27. dxe6 Kxe6 28. c5 Rxc5 29. Rxb7 Rxb7 30. Rxb7 Bc7 31. Bxa6 Bxh2 32. a4 Bc7 33. Be2 h5 34. gxh5 1/2-1/2

[Event "18th Rubinstein Memorial"]
[Site "Polanica Zdroj POL"]
[Date "1980.08.17"]
[Round "10"]
[White "Luczak, Andrzej"]
[Black "Vogt, Lothar"]
[WhiteElo "2430"]
[BlackElo "2510"]
[Result "0-1"]
[EventDate "1980.08.06"]
[PlyCount "88"]
1. d4 Nf6 2. c4 c5 3. Nf3 cxd4 4. Nxd4 e6 5. g3 Qc7 6. b3 Bb4+ 7. Bd2 Bc5 8. e3 Ne4 9. Bg2 Nxd2 10. Qxd2 O-O 11. O-O Nc6 12. Nc3 a6 13. Rfd1 Be7 14. Rac1 Rb8 15. Na4 d6 16. c5 d5 17. Nb6 Rd8 18. b4 Bd7 19. Qb2 Be8 20. Qb3 Ne5 21. a4 Nd7 22. a5 Ne5 23. Bf1 Bf6 24. Rc2 g6 25. Be2 h5 26. Kg2 h4 27. Rcd2 Kg7 28. Qc2 Nc6 29. Qb3 Bd7 30. Nxd7 Qxd7 31. Nxc6 Qxc6 32. Bf3 Rh8 33. g4 h3+ 34. Kg1 Qc7 35. Be2 g5 36. Bf1 Be5 37. f3 Bxh2+ 38. Rxh2 Qg3+ 39. Kh1 Qxf3+ 40. Kg1 Rh4 41. Qc3+ f6 42. Rdd2 Rxg4+ 43. Bg2 hxg2 44. Rhxg2 d4 0-1

[Event "18th Rubinstein Memorial"]
[Site "Polanica Zdroj POL"]
[Date "1980.08.17"]
[Round "10"]
[White "Vilela de Acuna, Jose Luis"]
[Black "Barczay, Laszlo"]
[WhiteElo "2328"]
[BlackElo "2450"]
[Result "0-1"]
[EventDate "1980.08.06"]
[PlyCount "124"]
1. c4 Nf6 2. Nc3 g6 3. e4 d6 4. d4 Bg7 5. Be2 O-O 6. Nf3 Na6 7. O-O c5 8. d5 Nc7 9. Bg5 Kh8 10. Rb1 Ng8 11. Qd2 f5 12. Bd3 fxe4 13. Nxe4 b5 14. b3 Rxf3 15. gxf3 Bh3 16. Rfe1 Qf8 17. Ng3 b4 18. Qf4 Qxf4 19. Bxf4 Rf8 20. Bc1 e6 21. Bb2 exd5 22. Bxg7+ Kxg7 23. cxd5 Nxd5 24. Ne4 Rxf3 25. Bf1 Bf5 26. Ra1 Bxe4 27. Rxe4 Nc3 28. Re3 Rxe3 29. fxe3 a5 30. a3 Kf6 31. axb4 axb4 32. Kf2 Ne7 33. Kf3 h5 34. Ra6 Ke5 35. Bd3 g5 36. Ra7 Kf6 37. Ra8 Nc6 38. Bc2 Ne5+ 39. Kg3 h4+ 40. Kg2 Nd5 41. Kf2 Ng4+ 42. Ke2 Nc3+ 43. Kf3 Nxh2+ 44. Kg2 Ng4 45. Kf3 Ne5+ 46. Kf2 g4 47. Rf8+ Ke7 48. Rh8 g3+ 49. Kg2 Ng4 50. Bd3 Nxe3+ 51. Kf3 g2 52. Kf2 c4 53. bxc4 b3 54. Rxh4 b2 55. Rh3 Ncd1+ 56. Kg1 Kf6 57. Rh8 Ke5 58. Rb8 Kd4 59. Be2 Kc3 60. Rb5 Kc2 61. Bxd1+ Nxd1 62. Kxg2 Nc3 0-1

[Event "18th Rubinstein Memorial"]
[Site "Polanica Zdroj POL"]
[Date "1980.08.18"]
[Round "11"]
[White "Przewoznik, Jan"]
[Black "Boehm, Hans"]
[WhiteElo "2340"]
[BlackElo "2430"]
[Result "1/2-1/2"]
[EventDate "1980.08.06"]
[PlyCount "113"]
1. e4 Nf6 2. e5 Nd5 3. d4 d6 4. Nf3 Nc6 5. exd6 exd6 6. c4 Nb6 7. d5 Ne5 8. Nxe5 dxe5 9. Bd3 Bb4+ 10. Nc3 O-O 11. O-O f5 12. Qb3 Bd6 13. Nb5 Nd7 14. Nxd6 cxd6 15. Qa3 Nc5 16. Bc2 a5 17. f4 b6 18. fxe5 dxe5 19. b4 Nb7 20. Bb2 Qe7 21. bxa5 Nd6 22. Bc3 bxa5 23. Kh1 Ba6 24. Rfe1 e4 25. Bb3 a4 26. Bb4 Rfd8 27. Bxd6 Qxd6 28. Qxd6 Rxd6 29. c5 Rdd8 30. Bxa4 Bb7 31. c6 Rxa4 32. cxb7 Rb8 33. Rab1 Ra7 34. g4 g6 35. gxf5 gxf5 36. Rg1+ Kf7 37. Rbf1 Kf6 38. Rg4 Ke5 39. Rgf4 Kxd5 40. Rxf5+ Kd4 41. Rd1+ Ke3 42. Re1+ Kd4 43. Rf4 Rbxb7 44. Rfxe4+ Kd3 45. R4e3+ Kd4 46. R3e2 Ra3 47. Rd1+ Rd3 48. Rxd3+ Kxd3 49. Rf2 Ke3 50. Kg1 Ra7 51. Rb2 Kd4 52. Kf2 Ra3 53. Rd2+ Kc4 54. Ke2 Kb4 55. Rc2 Rh3 56. Kf1 Rd3 57. Kg2 1/2-1/2

[Event "18th Rubinstein Memorial"]
[Site "Polanica Zdroj POL"]
[Date "1980.08.18"]
[Round "11"]
[White "Schmidt, Wlodzimierz"]
[Black "Luczak, Andrzej"]
[WhiteElo "2430"]
[BlackElo "2430"]
[Result "1/2-1/2"]
[EventDate "1980.08.06"]
[PlyCount "83"]
1. d4 Nf6 2. c4 e6 3. Nf3 d5 4. Nc3 c5 5. cxd5 Nxd5 6. g3 Nc6 7. Bg2 Nxc3 8. bxc3 cxd4 9. cxd4 Bb4+ 10. Bd2 Bxd2+ 11. Qxd2 O-O 12. O-O Qd6 13. Rab1 Rb8 14. Rfd1 Rd8 15. e4 b6 16. d5 exd5 17. Qxd5 Qxd5 18. exd5 Na5 19. Ne5 Kf8 20. Rbc1 f6 21. Nf3 Bg4 22. h3 Bxf3 23. Bxf3 Rbc8 24. Rxc8 Rxc8 25. Bg4 Rd8 26. Rc1 Rxd5 27. Rc8+ Kf7 28. Rc7+ Kg6 29. Rxa7 Rd2 30. Be6 h5 31. h4 Kh6 32. Rc7 Rd6 33. Bf7 Nc6 34. Kg2 Ne5 35. Bb3 Kh7 36. Kf1 Kh6 37. Ke2 g6 38. f4 Nc6 39. Bg8 g5 40. Ke3 gxh4 41. gxh4 f5 42. Rb7 1/2-1/2

[Event "18th Rubinstein Memorial"]
[Site "Polanica Zdroj POL"]
[Date "1980.08.18"]
[Round "11"]
[White "Tomaszewski, Roman"]
[Black "Klovans, Janis"]
[WhiteElo "2365"]
[BlackElo "2490"]
[Result "0-1"]
[EventDate "1980.08.06"]
[PlyCount "72"]
1. d4 Nf6 2. c4 e6 3. Nf3 d5 4. Nc3 Be7 5. cxd5 exd5 6. Bf4 c6 7. Qc2 Nbd7 8. e3 Nh5 9. Be5 Nxe5 10. Nxe5 Bd6 11. O-O-O O-O 12. Bd3 Nf6 13. f4 Be6 14. Rhg1 c5 15. g4 cxd4 16. exd4 Rc8 17. f5 Bd7 18. Kb1 Bb4 19. g5 Ne4 20. Bxe4 Bxc3 21. Qb3 dxe4 22. Nxf7 Rxf7 23. g6 Kh8 24. Qxf7 Qb6 25. Rg2 Ba4 26. f6 Qxf6 27. Qxf6 gxf6 28. g7+ Kg8 29. Rc1 f5 30. Rxc3 Rxc3 31. bxc3 e3 32. c4 f4 33. Re2 Bd1 34. Re1 Bg4 35. h3 f3 36. Rxe3 f2 0-1

[Event "18th Rubinstein Memorial"]
[Site "Polanica Zdroj POL"]
[Date "1980.08.18"]
[Round "11"]
[White "Vogt, Lothar"]
[Black "Spasov, Luben"]
[WhiteElo "2510"]
[BlackElo "2450"]
[Result "1-0"]
[EventDate "1980.08.06"]
[PlyCount "81"]
1. e4 c5 2. Nf3 d6 3. d4 cxd4 4. Nxd4 Nf6 5. Nc3 a6 6. Be2 e5 7. Nb3 Be7 8. O-O O-O 9. Kh1 Be6 10. f4 exf4 11. Bxf4 Nc6 12. Qe1 Ne5 13. Rd1 Nfd7 14. Nd4 g6 15. Bh6 Re8 16. Nf5 Nb6 17. Ng7 Rf8 18. Nxe6 fxe6 19. Bxf8 Bxf8 20. Bd3 Nbd7 21. Ne2 Qb6 22. b3 Re8 23. Nf4 Qd8 24. Qe2 Bg7 25. Bc4 Nf8 26. b4 h5 27. Bb3 Qe7 28. h3 Kh7 29. a3 Rd8 30. Qf2 Rc8 31. Qd2 Rd8 32. c4 Nf7 33. Qf2 Rd7 34. c5 Ne5 35. Ba4 Rd8 36. cxd6 Rxd6 37. Rxd6 Qxd6 38. Rd1 Qe7 39. Bb3 Qf6 40. Nd3 Qe7 41. Qc5 1-0

[Event "18th Rubinstein Memorial"]
[Site "Polanica Zdroj POL"]
[Date "1980.08.20"]
[Round "12"]
[White "Boehm, Hans"]
[Black "Barczay, Laszlo"]
[WhiteElo "2430"]
[BlackElo "2450"]
[Result "1-0"]
[EventDate "1980.08.06"]
[PlyCount "151"]
1. d4 Nf6 2. c4 e6 3. Nc3 Bb4 4. Qc2 Nc6 5. Nf3 d6 6. Bg5 h6 7. Bxf6 Qxf6 8. O-O-O Bxc3 9. Qxc3 O-O 10. g3 a5 11. Kb1 e5 12. dxe5 dxe5 13. Bg2 Bf5+ 14. Ka1 Nb4 15. Rc1 Be4 16. Rhg1 Rfe8 17. Nd2 Bg6 18. Rgf1 Rad8 19. a3 b6 20. Be4 Nc6 21. e3 Rxd2 22. Bxg6 Rxf2 23. Rxf2 Qxf2 24. Be4 Qf6 25. c5 b5 26. Qd3 Nd8 27. Qxb5 Rf8 28. Qxa5 Qf2 29. Qc3 Ne6 30. Qxe5 Rd8 31. Bf5 Qd2 32. Qc3 Qd5 33. g4 Rb8 34. b4 g6 35. Bxe6 Qxe6 36. Qd4 Re8 37. Rc3 Qa6 38. Rd3 Qc6 39. Kb2 Qf3 40. Kb3 Qf1 41. h4 Qb1+ 42. Kc4 Qa2+ 43. Rb3 Qc2+ 44. Rc3 Qa2+ 45. Kd3 Qb1+ 46. Kd2 Re4 47. Qd3 Qa2+ 48. Rc2 Qe6 49. Qd8+ Kg7 50. g5 Rxh4 51. Qf6+ Qxf6 52. gxf6+ Kxf6 53. Kd3 Ke5 54. c6 Rh1 55. b5 Rb1 56. Kc4 h5 57. Rh2 Rc1+ 58. Kb4 Rb1+ 59. Ka5 f5 60. Ka6 f4 61. exf4+ Kxf4 62. Rh4+ Kg3 63. Rb4 Rf1 64. Kb7 h4 65. Rb3+ Rf3 66. Rxf3+ Kxf3 67. b6 h3 68. bxc7 h2 69. c8=Q h1=Q 70. Qf8+ Kg4 71. Qb4+ Kh5 72. Qc5+ g5 73. Ka7 Qd1 74. c7 Qa4+ 75. Kb6 Qb3+ 76. Ka5 1-0

[Event "18th Rubinstein Memorial"]
[Site "Polanica Zdroj POL"]
[Date "1980.08.20"]
[Round "12"]
[White "Klovans, Janis"]
[Black "Vilela de Acuna, Jose Luis"]
[WhiteElo "2490"]
[BlackElo "2328"]
[Result "1/2-1/2"]
[EventDate "1980.08.06"]
[PlyCount "84"]
1. e4 c5 2. Nf3 d6 3. d4 cxd4 4. Nxd4 Nf6 5. Nc3 e6 6. Be2 Be7 7. O-O Nc6 8. Be3 O-O 9. f4 Qc7 10. Kh1 Nxd4 11. Bxd4 e5 12. Be3 exf4 13. Bxf4 Bd7 14. Bd3 Be6 15. Nd5 Bxd5 16. exd5 Nd7 17. c4 Bf6 18. Rc1 Be5 19. Be3 g6 20. Rc2 b6 21. Qf3 Bg7 22. Qf2 Nc5 23. Qd2 a5 24. b3 Rae8 25. Rcc1 Re7 26. Bg5 f6 27. Bh4 Ree8 28. Rce1 f5 29. Bc2 Be5 30. a3 Qg7 31. Rf3 Bd4 32. b4 axb4 33. axb4 Ne4 34. Bxe4 fxe4 35. Rxf8+ Rxf8 36. Bg3 Qf6 37. Qe2 e3 38. Rd1 Bc3 39. Qxe3 Bxb4 40. Qe2 Bc5 41. h3 Qf7 42. Kh2 Re8 1/2-1/2

[Event "18th Rubinstein Memorial"]
[Site "Polanica Zdroj POL"]
[Date "1980.08.20"]
[Round "12"]
[White "Luczak, Andrzej"]
[Black "Przewoznik, Jan"]
[WhiteElo "2430"]
[BlackElo "2340"]
[Result "1/2-1/2"]
[EventDate "1980.08.06"]
[PlyCount "46"]
1. e4 c6 2. d4 d5 3. e5 Bf5 4. c4 e6 5. Nc3 Na6 6. cxd5 Nb4 7. Be3 Nc2+ 8. Kd2 Nxa1 9. g4 Bg6 10. Qxa1 exd5 11. f4 f5 12. Bd3 Nh6 13. g5 Ng4 14. Nge2 Nxe3 15. Kxe3 Be7 16. h4 Qd7 17. Ng3 h5 18. Qb1 O-O 19. Kf3 c5 20. Nce2 b6 21. Kg2 Kh8 22. Re1 Rae8 23. Qd1 c4 1/2-1/2

[Event "18th Rubinstein Memorial"]
[Site "Polanica Zdroj POL"]
[Date "1980.08.22"]
[Round "13"]
[White "Barczay, Laszlo"]
[Black "Luczak, Andrzej"]
[WhiteElo "2450"]
[BlackElo "2430"]
[Result "1-0"]
[EventDate "1980.08.06"]
[PlyCount "125"]
1. g3 d5 2. Bg2 Nf6 3. d3 e6 4. f4 c5 5. Nf3 Nc6 6. O-O Be7 7. Kh1 O-O 8. Qe1 b6 9. e4 dxe4 10. dxe4 Bb7 11. e5 Nd7 12. Be3 Qc7 13. Qe2 Rad8 14. Nc3 a6 15. Bg1 Ndb8 16. Ne4 Rd7 17. a3 Rfd8 18. c4 Na5 19. Rac1 Nbc6 20. Qc2 h6 21. h4 Qb8 22. b4 cxb4 23. Bxb6 b3 24. Qb2 Rf8 25. c5 Bd8 26. Bxd8 Nxd8 27. Nd6 Bd5 28. Nd4 Bxg2+ 29. Qxg2 Rc7 30. Rc3 Ndc6 31. Nxc6 Rxc6 32. Rb1 Qc7 33. Qf2 Qe7 34. Qd4 Qc7 35. Rb2 Rd8 36. Kh2 Rf8 37. g4 Qe7 38. g5 h5 39. Qe4 g6 40. Rcxb3 Rxc5 41. Rb8 Qa7 42. R8b7 Nxb7 43. Rxb7 Ra8 44. Rxa7 Rxa7 45. Qe3 Rac7 46. Ne4 Rc2+ 47. Kg3 Kg7 48. Kf3 a5 49. Qb6 a4 50. Ke3 Rc1 51. Qa5 R7c2 52. Qxa4 Ra2 53. Kd4 Rca1 54. Nc5 Rxa3 55. Nxe6+ Kh7 56. Qe8 Ra4+ 57. Kc5 fxe6 58. Qf7+ Kh8 59. Qf8+ Kh7 60. Qh6+ Kg8 61. Qxg6+ Kf8 62. Qf6+ Ke8 63. Qxe6+ 1-0

[Event "18th Rubinstein Memorial"]
[Site "Polanica Zdroj POL"]
[Date "1980.08.22"]
[Round "13"]
[White "Bielczyk, Jacek"]
[Black "Boehm, Hans"]
[WhiteElo "2380"]
[BlackElo "2430"]
[Result "1/2-1/2"]
[EventDate "1980.08.06"]
[PlyCount "26"]
1. e4 e6 2. Nf3 d5 3. Nc3 Nf6 4. e5 Nfd7 5. d4 c5 6. dxc5 Nc6 7. Bf4 Bxc5 8. Bd3 f6 9. exf6 Nxf6 10. O-O O-O 11. Ne5 Bd7 12. Qe2 Qe7 13. Rae1 Rae8 1/2-1/2

[Event "18th Rubinstein Memorial"]
[Site "Polanica Zdroj POL"]
[Date "1980.08.22"]
[Round "13"]
[White "Plachetka, Jan"]
[Black "Klovans, Janis"]
[WhiteElo "2480"]
[BlackElo "2490"]
[Result "1/2-1/2"]
[EventDate "1980.08.06"]
[PlyCount "81"]
1. d4 Nf6 2. c4 e6 3. Nc3 d5 4. Bg5 Be7 5. e3 O-O 6. Nf3 h6 7. Bh4 b6 8. Rc1 Bb7 9. Bxf6 Bxf6 10. cxd5 exd5 11. Be2 Nd7 12. Qb3 c6 13. O-O Be7 14. Rfd1 Nf6 15. Ne5 Bd6 16. f4 c5 17. Bf3 cxd4 18. exd4 Rc8 19. g3 Ne4 20. Bg2 Nxc3 21. bxc3 Bxe5 22. dxe5 Rc5 23. Rd4 Qc7 24. Bxd5 Bxd5 25. Rxd5 Rxd5 26. Qxd5 Rd8 27. Qf3 Qc4 28. Rc2 Rd3 29. Qe2 Qd5 30. Kf2 Rd1 31. e6 fxe6 32. c4 Qd4+ 33. Kg2 Kf7 34. Qh5+ g6 35. Qf3 Rd2+ 36. Rxd2 Qxd2+ 37. Kh3 Qxa2 38. Qb7+ Kf8 39. Qh7 Qxc4 40. Qxg6 a5 41. Qxh6+ 1/2-1/2